01541 2200313 4500001002100000005001500021035002000036245015200056264001800208090000800226020002200234100001900256650001000275008004100285082001000326084001900336250002200355260003800377300003700415700002800452700003600480700003200516700003300548700002100581520057300602990001801175990001801193990001601211INLIS00000000002281720230714093531 a0010-06190228171 aMisteri kamar mandi sekolah /cNadiyyah Zahra, Najla Malika, M. Rafa Fritzi Izhar, Jasmine Az-Zahra; penyunting, Wiwit Wijiastuti; ilustrasi, Tahta uffin Grhapics 41.5 a978-602-367-885-30 aNadiyyah Zahra 4aKomik230714 j 1 ind  a741.5 aSR 741.5 NAD m aCetakan III, 2022 aBandung :bMuffin Graphics,c2022 a96 halaman :bilustrasi ;c21 cm0 aNajla Malikaepengarang0 aM. Rafa Fritzi Izharepengarang0 aJasmine Az-Zahraepengarang0 aWiwit Wijiastutiepenyunting0 aTahtaeilustrasi aSinopsis Komik Next G Misteri Kamar Mandi Sekolah: Nabila penasaran dengan cerita seram yang beredar. Kabarnya, setiap malam selalu terdengar suara tangisan dari dalam kamar mandi sekolah. Saking ingin tahu kebenarannya, Nabila nekat mendatanginya bersama Sheila dan Nida. Dan di sana, mereka menemukan hal tak terduga... Apakah hal tak terduga itu? Ingin tahu? Baca ceritanya di Komik Next G Misteri Kamar Mandi Sekolah karya Nadiyyah Zahra & Tahta, ya! Tidak hanya ada cerita Misteri Kamar Mandi Sekolah, lho! Masih ada cerita lainnya yang harus Teman-teman baca. a027548.044520 a037966.035666 a52038.64858